000 01135cab a2200313 4500
001 ABS45768
008 090401t1992 xxu||||| |||| 00| 0 eng d
035 _a(Sirsi) u54966
041 _aeng
100 _aMitchell, P.
245 _aEnvironmental contamination and lender`s liability
260 _c1992
300 _aLOAN
350 _a0
490 _aAIVLE Research Notes
_v(2) November 1992, (4)
520 _aThis issue includes articles on awareness of, and interest in, environmental issues in professional practice amongst valuers and land economists, particularly in Australia. It examines the Draft Standard on the Valuation of Properties Affected by Environmental Contamination, and discusses the issue of lender`s liability.
650 _aCONTAMINATED LAND
650 _aContamination
_96231
650 _aENVIRONMENTAL RISKS
650 _aLENDER LIABILITY
650 _aVALUATION REPORTS
650 _aVALUE
690 _aENVIRONMENTAL AND LAND CONSULTANCY
690 _aOVERSEAS-REST OF THE WORLD
690 _aRATING AND VALUATION
700 _aWoolley, J.
942 _n0
948 _c04/03/1997
999 _c33648
_d33648